LIBRARY & INFORMATION CENTRE, KCAET, TAVANUR

ONLINE PUBLIC ACCESS CATALOGUE (OPAC)

Advanced solid state physics / (Record no. 13478)

MARC details
000 -LEADER
fixed length control field 00375cam a2200145ua 4500
041 ## - LANGUAGE CODE
Language code of text/sound track or separate title eng
082 ## - DEWEY DECIMAL CLASSIFICATION NUMBER
Classification number 530.41
Item number PHI/AD
100 ## - MAIN ENTRY--AUTHOR NAME
Personal name Phillips, Philip .
245 ## - TITLE STATEMENT
Title Advanced solid state physics /
260 ## - PUBLICATION, DISTRIBUTION, ETC. (IMPRINT)
Place of publication New Delhi :
Name of publisher Overseas India Pvt ltd ,
Year of publication 2008.
300 ## - PHYSICAL DESCRIPTION
Number of Pages ; .
942 ## - ADDED ENTRY ELEMENTS (KOHA)
Koha item type Books
Holdings
Withdrawn status Lost status Damaged status Home library Current library Date acquired Full call number Accession Number Koha item type
      KAUAET KAUAET 07/04/2012 530.41 PHI/AD 22154 Books
free website counter